[Event "Porto district-ch U10"]
[Site "Porto"]
[Date "2006.02.26"]
[Round "2"]
[White "Fukunaga, William Norio"]
[Black "Teixeira, Francisco Miguel"]
[Result "1-0"]
[WhiteElo "1206"]
[BlackElo "1114"]
[PlyCount "119"]
[EventDate "2006.02.25"]
[EventType "tourn"]
[EventRounds "5"]
[EventCountry "POR"]
[SourceTitle "EXT 2008"]
[Source "ChessBase"]
[SourceDate "2007.11.25"]
[SourceVersion "1"]
[SourceVersionDate "2007.11.25"]
[SourceQuality "1"]

1. e4 e5 2. Nf3 d6 3. Bc4 Nc6 4. d3 Nf6 5. Ng5 Bg4 6. f3 Bh5 7. 0-0 Na5 8. Bb5+ c6 9. Ba4 h6 10. Nh3 Qb6+ 11. Nf2 Be7 12. Re1 0-0 13. Be3 c5 14. Nc3 a6 15. Nd5 Nxd5 16. exd5 Qxb2 17. Qb1 Qa3 18. Bb3 Rfe8 19. c3 Rab8 20. Bc1 Nxb3 21. Bxa3 Nxa1 22. Qxa1 b5 23. Qb1 b4 24. cxb4 cxb4 25. Bxb4 a5 26. Re4 Bg6 27. Rc4 Rb7 28. Qe1 axb4 29. Rxb4 Ra7 30. a4 Rc8 31. Qe3 Rcc7 32. Rb8+ Kh7 33. Rb4 Bg5 34. Qb6 Re7 35. a5 Bd2 36. Rb5 Rab7 37. Qa6 Ra7 38. Qxd6 Bxa5 39. Rxa5 Rxa5 40. Qxe7 Ra1+ 41. Nd1 Rxd1+ 42. Kf2 Rd2+ 43. Kg3 Rxd3 44. d6 Bf5 45. Qxf7 Bc8 46. Qe8 Bf5 47. Qxe5 Bc8 48. Qe4+ g6 49. Qxd3 h5 50. d7 Bxd7 51. Qxd7+ Kh6 52. f4 g5 53. fxg5+ Kxg5 54. Qd5+ Kg6 55. Kf4 Kf6 56. Qd6+ Kf7 57. Kg5 Kg7 58. Qe7+ Kg8 59. Kg6 Kh8 60. Qf8# 1-0